000 00660nam a2200277Ia 4500
005 20260324115837.0
008 008 260324s9999 xx 000 0 eng d
020 _a9780429083570
037 _aEBOOK
040 _aCRL
040 _beng
040 _cCRL
041 _2eng
041 _aeng
084 _qCRL
100 _aTakashi Nabeshima; Haruo Kobayashi
_91156220
245 0 _aHandbook of Power Management Circuits
260 _bTaylor and Francis
260 _c2016
365 _a
365 _b420
856 _uhttp://www.taylorfrancis.com/books/9780429083570
942 _cEBOOK
999 _c1747399
_d1747399